| 000 | 02128nam a2200493Ii 4500 | ||
|---|---|---|---|
| 001 | DIGUNAU0243 | ||
| 003 | NyNyDIG | ||
| 008 | 170615s2012 ck a ob 000 0 spa d | ||
| 006 | m o d | ||
| 007 | cr ||||||||||| | ||
| 035 | _a(OCoLC)990164752 | ||
| 040 |
_aDGITA _beng _erda _epn _cDGITA |
||
| 020 | _z9789588366388 | ||
| 020 | _z9588366380 | ||
| 041 | 1 |
_aspa _heng |
|
| 043 | _ancpn--- | ||
| 050 | 1 | 4 | _aF1564 ebook |
| 082 | 0 | 4 | _a972.87 |
| 100 | 1 |
_aWafer, Lionel, _d1660?-1705?, _eauthor. |
|
| 240 | 1 | 0 |
_aNew voyage and description of the Isthmus of America. _lSpanish _s(Ediciones UNAULA) |
| 245 | 1 | 0 |
_aViajes y descripción del Itsmo del Darién / _cLionel Wafer. |
| 246 | 1 | 4 | _aViaje y descripción del Itsmo del Darién |
| 264 | 1 |
_aMedellín, Colombia : _bFondo Editorial Unaula, _c[2012] |
|
| 300 |
_a1 online resource : _billustrations. |
||
| 336 |
_atext _2rdacontent |
||
| 337 |
_acomputer _bc _2rdamedia |
||
| 338 |
_aonline resource _bcr _2rdacarrier |
||
| 490 | 1 |
_aColección Bicentenario de Antioquia 200 ; _v36 |
|
| 504 | _aIncludes bibliographical references. | ||
| 588 | 0 | _aOnline resource; title from PDF title page (Digitalia, viewed June16, 2017) | |
| 651 | 0 |
_aPanama, Isthmus of (Panama) _xDescription and travel _vEarly works to 1800. |
|
| 650 | 0 |
_aIndians of Central America _zPanama _vEarly works to 1800. |
|
| 651 | 0 |
_aDarien (Panama and Colombia) _xHistory. |
|
| 650 | 0 |
_aNatural history _zPanama. |
|
| 655 | 0 | _aElectronic books. | |
| 700 | 1 |
_iTranslation of: _aWafer, Lionel, _d1660?-1705? _tNew voyage and description of the Isthmus of America. |
|
| 791 | 2 |
_aDigitalia (Firm), _edistributor. |
|
| 793 | 0 |
_gDigitalia eBook Collection: _aEdiciones UNAULA. |
|
| 776 | 0 | 8 |
_iPrint version: _aWafer, Lionel, 1660?-1705? _sNew voyage and description of the Isthmus of America. Spanish. _tViajes y descripción del Itsmo del Darién. _b[4a ed.] _z9789588366388 _w(DLC) 2014422201 _w(OCoLC)905801605 |
| 830 | 0 |
_aBicentenario de Antioquia ; _v36. |
|
| 856 | 4 | 0 |
_3Digitalia Hispánica _uhttps://www.digitaliapublishing.com/a/19825/ |
| 910 | _aPremium collection: 2017 | ||
| 942 | _cRAA | ||
| 999 |
_c236638 _d236638 |
||